000 00981nam a2200229 a 4500
001 000041099
005 20201002034622.0
008 131001s2003 sp 000 0 spa d
020 _a8400082117
040 _aDO-SdBNP
_bspa
_cBNPHU
100 1 _a: Rodríguez Rodríguez, Vicente
_967626
245 1 0 _aCaracterísticas demográficas y socioeconómicas del envejecimiento de la población en España y Cuba /
_cVicente Rodríguez Rodríguez, Rául Hernández Castellón, Dolores Puga González.
260 _aMadrid :
_bConsejo Superior de Investigaciones Científicas,
_c2003.
300 _a199 p. ;
_c22 cm.
490 1 _aMonografías
_v26
504 _aBibliografía : p. 193-199
504 _aIncluye referencias bibliográficas y notas al pie de las páginas
700 1 _aHernández Castellón, Raul
_967627
700 1 _aPuga González, Dolores
_967628
710 2 _aConsejo Superior de Investigaciones Científicas,(España)
_967570
830 0 _aMonografías
_v26
_915334
999 _c40589
_d40589